Opel Astra & Zafira (Запись № 570936)

Подробности
000 -МАРКЕР
контрольное поле 02769nam0a2200457 4500
001 - ИДЕНТИФИКАТОР ЗАПИСИ
контрольное поле RU\NLR\bibl\406182
005 - ИДЕНТИФИКАТОР ВЕРСИИ
контрольное поле 20250622165818.0
010 ## - МЕЖДУНАРОДНЫЙ СТАНДАРТНЫЙ НОМЕР КНИГИ (ISBN)
Номер (ISBN) 5-93392-058-4
Уточнения В пер.
Тираж 3500
021 ## - НОМЕР ГОСУДАРСТВЕННОЙ РЕГИСТРАЦИИ
Код страны Российская Федерация
Номер 2003-18411
Номер Листа государственной регистраци 845
035 ## - ДРУГИЕ СИСТЕМНЫЕ НОМЕРА
Идентификатор записи (NLR Aleph) 000400302
100 ## - ДАННЫЕ ОБЩЕЙ ОБРАБОТКИ
Данные общей обработки 20030530d2002 |||y0rusy50 ca
101 1# - ЯЗЫК РЕСУРСА
Язык текста, звукозаписи и т.д. русский
Язык основного заглавия английский
102 ## - СТРАНА ПУБЛИКАЦИИ ИЛИ ПРОИЗВОДСТВА
Страна публикации Российская Федерация
105 ## - ПОЛЕ КОДИРОВАННЫХ ДАННЫХ: ТЕКСТОВЫЕ МАТЕРИАЛЫ, МОНОГРАФИЧЕСКИЕ
Кодированные данные о монографическом текстовом документе a |||||||||
200 1# - ЗАГЛАВИЕ И СВЕДЕНИЯ ОБ ОТВЕТСТВЕННОСТИ
Основное заглавие Opel Astra & Zafira
Сведения, относящиеся к заглавию Модели с дизел. двигателями, [1998-2000]
-- Ремонт и техн. обслуживание
-- [Перевод]
Первые сведения об ответственности Мартин Рэндалл, А. К. Легг
210 ## - ПУБЛИКАЦИЯ, РАСПРОСТРАНЕНИЕ И ДР.
Место издания, распространения и т.д. СПб.
Имя издателя, распространителя и т. д. Алфамер паблишинг
Дата издания, распространения и т.д. 2002
215 ## - ФИЗИЧЕСКАЯ ХАРАКТЕРИСТИКА
Специфическое обозначение материала и объем 360 с. разд. паг.
Другие сведения о физической характеристике ил.
Размеры 28
225 1# - СЕРИЯ
Основное заглавие серии Из серии "Руководства по обслуживанию и ремонту"
Обозначение тома Р153
300 ## - ОБЩИЕ ПРИМЕЧАНИЯ
Текст примечания На пер. авт. не указаны
320 ## - ПРИМЕЧАНИЯ О НАЛИЧИИ В ДОКУМЕНТЕ БИБЛИОГРАФИИ / УКАЗАТЕЛЯ
Текст примечания Предм. указ. в конце кн.
606 0# - НАИМЕНОВАНИЕ ТЕМЫ КАК ПРЕДМЕТ
Наименование темы Автомобили "Опель Астра"
Формальный подзаголовок Руководства, пособия и т.п.
Тематический подзаголовок Ремонт
Системный номер авторитетной/нормативной записи 2210005
Идентификатор авторитетной/нормативной записи RU\NLR\auth\661327620
606 0# - НАИМЕНОВАНИЕ ТЕМЫ КАК ПРЕДМЕТ
Наименование темы Автомобили "Опель Астра"
Формальный подзаголовок Руководства, пособия и т.п.
Тематический подзаголовок Техническое обслуживание
Системный номер авторитетной/нормативной записи 2210002
Идентификатор авторитетной/нормативной записи RU\NLR\auth\661327618
606 0# - НАИМЕНОВАНИЕ ТЕМЫ КАК ПРЕДМЕТ
Наименование темы Автомобили "Опель Зафира"
Формальный подзаголовок Руководства, пособия и т.п.
Тематический подзаголовок Ремонт
Системный номер авторитетной/нормативной записи 2291879
Идентификатор авторитетной/нормативной записи RU\NLR\auth\661372569
606 0# - НАИМЕНОВАНИЕ ТЕМЫ КАК ПРЕДМЕТ
Наименование темы Автомобили "Опель Зафира"
Формальный подзаголовок Руководства, пособия и т.п.
Тематический подзаголовок Техническое обслуживание
Системный номер авторитетной/нормативной записи 2291906
Идентификатор авторитетной/нормативной записи RU\NLR\auth\661372585
606 0# - НАИМЕНОВАНИЕ ТЕМЫ КАК ПРЕДМЕТ
Наименование темы Opel "Astra", легковые автомобили
Формальный подзаголовок Руководства, пособия и т.п.
Тематический подзаголовок Ремонт
Системный номер авторитетной/нормативной записи 2209998
Идентификатор авторитетной/нормативной записи RU\NLR\auth\661327616
606 0# - НАИМЕНОВАНИЕ ТЕМЫ КАК ПРЕДМЕТ
Наименование темы Opel "Astra", легковые автомобили
Формальный подзаголовок Руководства, пособия и т.п.
Тематический подзаголовок Техническое обслуживание
Системный номер авторитетной/нормативной записи 2210000
Идентификатор авторитетной/нормативной записи RU\NLR\auth\661327617
606 0# - НАИМЕНОВАНИЕ ТЕМЫ КАК ПРЕДМЕТ
Наименование темы Opel "Zafira", легковые автомобили
Формальный подзаголовок Руководства, пособия и т.п.
Тематический подзаголовок Ремонт
Системный номер авторитетной/нормативной записи 2291877
Идентификатор авторитетной/нормативной записи RU\NLR\auth\661372568
606 0# - НАИМЕНОВАНИЕ ТЕМЫ КАК ПРЕДМЕТ
Наименование темы Opel "Zafira", легковые автомобили
Формальный подзаголовок Руководства, пособия и т.п.
Тематический подзаголовок Техническое обслуживание
Системный номер авторитетной/нормативной записи 2291905
Идентификатор авторитетной/нормативной записи RU\NLR\auth\661372584
675 ## - УНИВЕРСАЛЬНАЯ ДЕСЯТИЧНАЯ КЛАССИФИКАЦИЯ (UDC/УДК)
Индекс 621.33.08
Издание 3
Язык издания rus
686 ## - ИНДЕКСЫ ДРУГИХ КЛАССИФИКАЦИЙ
Индекс 45
Код системы
686 ## - ИНДЕКСЫ ДРУГИХ КЛАССИФИКАЦИЙ
Индекс 39.33-08
Код системы
686 ## - ИНДЕКСЫ ДРУГИХ КЛАССИФИКАЦИЙ
Индекс О335.52-08я7"Opel"
700 #1 - ИМЯ ЛИЦА - ПЕРВИЧНАЯ ОТВЕТСТВЕННОСТЬ
Начальный элемент ввода Рэндалл
Часть имени, кроме начального элемента ввода М.
Расширение инициалов личного имени Мартин
Код отношения Автор
701 #1 - ИМЯ ЛИЦА - АЛЬТЕРНАТИВНАЯ ОТВЕТСТВЕННОСТЬ
Начальный элемент ввода Легг
Часть имени, кроме начального элемента ввода А. К.
Код отношения Автор
801 #0 - ИСТОЧНИК ЗАПИСИ
Страна Российская Федерация
Организация RKP
Дата составления 20030530
Правила каталогизации PSBO
801 #1 - ИСТОЧНИК ЗАПИСИ
Страна Российская Федерация
Организация RKP
Дата составления 20030530
801 #2 - ИСТОЧНИК ЗАПИСИ
Страна Российская Федерация
Организация NLR
Дата составления 20040209
Правила каталогизации rcr
942 ## - ДОПОЛНИТЕЛЬНЫЕ ЭЛЕМЕНТЫ ЗАПИСИ (АБИС)
Тип экземпляра АБИС Книга
980 ## - КОЛЛЕКЦИЯ
Название коллекции Национальная библиография
Экземпляры
Тип экземпляра Дата поступления Источник поступления Библиотека постоянного хранения Библиотека текущего хранения Место хранения Шифр хранения Штрих-код Статус экземпляра
Книга 05.06.2003 Обязательный экземпляр РНБ (Московский) РНБ (Московский) Русский книжный фонд: издания с 1957 года 2003-8/1727 494791  
Книга 05.06.2003 Обязательный экземпляр РНБ (Московский) РНБ (Московский) Русский книжный фонд: издания с 1957 года 2003-8/1727 494792